000 01016nam a22003377a 4500
001 BR7806432
003 BR-BrBNA
005 20230928085744.0
007 ta
008 230509b bl.||||| |||| 00| 0 por d
040 _aBR-BrBNA
_bpor
_cBiblioteca Nacional de Agricultura
041 _a(Por)
072 _aE30; E10; K10
_b2480
_b/G514
090 _ 2480 BR7806432
110 1 _aSuperintendencia da Borracha, Rio de Janeiro, RJ (Brasil)
_910023
245 1 _aFundamentos - objetivos normas operativas. Segundo Programa de Incentivo a Producao de Borracha Natural [seringueira, producao, Brasil]
260 3 _aRio de Janeiro, RJ (Brasil):
_c1978.
300 _a77 p.
500 _a12 tables
650 _aSERINGUEIRA
650 _aPLANTIO
650 _aBORRACHA
650 _aPRODUCAO
650 _aBENEFICIAMENTO
650 _aPROJETO DE DESENVOLVIMENTO
650 _aCUSTO
650 _aFINANCIAMENTO
650 _aASSISTENCIA TECNICA
909 _a202309
_bLucia
_c55
_dLucia Elande
942 _cBK
999 _c26153
_d26153